Najbiedniejsze stany USA. - Statystyki

Ogólne statystyki
  • Ten quiz został rozwiązany 85 razy
  • Średni wynik to 7 z 10
Statystyki odpowiedzi
Per capita Nr. Odpowiedź % Poprawnych
45 tys. $ 5 Alabama
81%
47 tys.$ 9 Nowy meksyk
79%
44 tys. $ 4 Idaho
69%
45 tys. $ 6 Karolina Południowa
69%
38 tys. $ 1 Mississipi
68%
42k $ 2 Arkansas
66%
47 tys. $ 8 Kentucky
65%
43 tys. $ 3 Wirginia Zachodnia
57%
46k $ 7 Montana
56%
48 tys $ 10 Maine
55%
Nie znaleziono quizów pasujących do podanych kryteriów
Rozkład punktacji
Procent ludzi z każdym wynikiem
Percentyl według liczby udzielonych odpowiedzi
Twoja historia wyników
Nie rozwiązałeś tego quizu